000 00444nam a2200157 i 4500
001 bg
100 1 _aWROŃSKI, Stanisław
245 0 _aPrzykłady obliczeń z termodynamiki i kinetyki.. /
_cStanisław Wroński, Ryszard Pohorecki, Jacek Siwiński.
260 _aWarszawa,
_c1979.
700 1 _aPOHORECKI, Ryszard
700 1 _aSIWIŃSKI, Jacek
040 _cBPK
041 _apol
942 _cKS
008 s pl f |000 0 pol
999 _c1358
_d1358
856 _uhttp://koha.tu.koszalin.pl/cgi-bin/koha/opac-detail.pl?biblionumber=1358
_yKatalog online BPK